[Event "7. Festival Benidorm 2008 - Sub-2000"]
[Site "Benidorm ESP"]
[Date "2008.12.04"]
[Round "6.19"]
[White "Cebolla Moll, Ricardo"]
[Black "Ribon Calabia, Mariano"]
[Result "1-0"]
[WhiteElo "1983"]
[BlackElo "1864"]
[PlyCount "115"]
[EventDate "2008.11.29"]
[EventRounds "9"]
[EventCountry "ESP"]
[Source "lmi"]
[SourceDate "2008.11.29"]

1. f4 Nf6 2. Nf3 g6 3. d3 d5 4. e3 Bg7 5. Be2 Nc6 6. O-O O-O 7. c3 Qd6 8. Nbd2
Ng4 9. Nb3 a5 10. Nbd4 e6 11. Nb5 Qd8 12. Qe1 Na7 13. Nxa7 Rxa7 14. h3 Nf6 15.
g4 Ne8 16. Qg3 Nd6 17. Bd2 Qe7 18. Rae1 c5 19. Bd1 Qd8 20. Bc1 Ra6 21. a3 b5
22. Ne5 f6 23. Nf3 c4 24. Bc2 cxd3 25. Bxd3 Ne4 26. Qg2 Rb6 27. Rd1 Bd7 28. Nd2
f5 29. Nf3 Qc7 30. Bxe4 fxe4 31. Nd4 e5 32. Ne2 Rbf6 33. Rxd5 exf4 34. Rxf4
Rxf4 35. Nxf4 Bc6 36. Rd1 Qf7 37. Ne2 Be5 38. Nd4 Be8 39. Bd2 Qa2 40. Be1 Qf7
41. Bg3 Bxg3 42. Qxg3 Bd7 43. Qg2 Qe7 44. Rf1 Rxf1+ 45. Qxf1 Qe5 46. Qf4 Qd5
47. Qf6 b4 48. axb4 axb4 49. cxb4 Bc8 50. Qc6 Qxc6 51. Nxc6 Ba6 52. Kf2 g5 53.
Nd4 Kf7 54. b5 Bb7 55. Ke2 Ke7 56. Kd2 Bc8 57. Kc3 Kd6 58. b4 1-0

[Event "7. Festival Benidorm 2008 - Sub-2000"]
[Site "Benidorm ESP"]
[Date "2008.12.04"]
[Round "6.20"]
[White "Aledo Lopez, Angel"]
[Black "Mitt, Hando"]
[Result "0-1"]
[WhiteElo "1979"]
[BlackElo "1843"]
[PlyCount "94"]
[EventDate "2008.11.29"]
[EventRounds "9"]
[EventCountry "ESP"]
[Source "lmi"]
[SourceDate "2008.11.29"]

1. e4 c5 2. Nf3 Nc6 3. Nc3 d6 4. d3 g6 5. Be3 Bg7 6. Qd2 a6 7. a4 e6 8. d4 Qb6
9. O-O-O Qa5 10. dxc5 dxc5 11. e5 Nge7 12. Bh6 O-O 13. Bxg7 Kxg7 14. Qf4 Nd5
15. Nxd5 exd5 16. h4 h5 17. Bd3 f5 18. exf6+ Rxf6 19. Qg5 c4 20. Bxg6 Rxg6 21.
Qxh5 Bg4 22. Qxd5 Qxd5 23. Rxd5 Bxf3 24. gxf3 Rd8 25. Rc5 Rf6 26. Rxc4 Rxf3 27.
Rg4+ Kf6 28. Rh2 Nd4 29. c3 Ne6 30. Rb4 Nc5 31. Rb6+ Kf7 32. b4 Nd3+ 33. Kc2
Rd7 34. Rh6 Kg7 35. Rh5 Nxf2 36. Rg2+ Kf6 37. Rh6+ Kf5 38. Rg5+ Kf4 39. Rf6+
Ke3 40. Re6+ Ne4 41. Rge5 Rd2+ 42. Kb3 Rf4 43. h5 Kf3 44. h6 Rh2 45. Re7 Nd2+
46. Kb2 Nc4+ 47. Kb3 Rb2# 0-1

[Event "7. Festival Benidorm 2008 - Sub-2000"]
[Site "Benidorm ESP"]
[Date "2008.12.05"]
[Round "7.1"]
[White "Garcia Domingo, Jose Antonio"]
[Black "Mataix Arbona, Cesar"]
[Result "1/2-1/2"]
[WhiteElo "1938"]
[BlackElo "1987"]
[PlyCount "56"]
[EventDate "2008.11.29"]
[EventRounds "9"]
[EventCountry "ESP"]
[Source "lmi"]
[SourceDate "2008.11.29"]

1. e4 e6 2. d4 d5 3. Nc3 Bb4 4. Nge2 dxe4 5. a3 Be7 6. Nxe4 Nf6 7. N2g3 Nbd7 8.
Bd3 O-O 9. O-O Nxe4 10. Nxe4 Nf6 11. Nxf6+ Bxf6 12. c3 Qd6 13. Qf3 e5 14. dxe5
Bxe5 15. Rd1 Qf6 16. Qxf6 Bxf6 17. Bf4 c6 18. Bc2 Be6 19. Rd2 Rfd8 20. Rxd8+
Rxd8 21. Rd1 Bd5 22. Be3 a6 23. f3 b5 24. Bd4 Bh4 25. g3 Be7 26. Kf2 h6 27. Re1
Bd6 28. Be4 Bf8 1/2-1/2

[Event "7. Festival Benidorm 2008 - Sub-2000"]
[Site "Benidorm ESP"]
[Date "2008.12.05"]
[Round "7.2"]
[White "Perera Borrego, Mariela"]
[Black "Sanchez Lopez, Diego"]
[Result "1/2-1/2"]
[WhiteElo "1856"]
[BlackElo "1983"]
[PlyCount "32"]
[EventDate "2008.11.29"]
[EventRounds "9"]
[EventCountry "ESP"]
[Source "lmi"]
[SourceDate "2008.11.29"]

1. d4 d5 2. Nf3 e6 3. e3 c6 4. Bd3 f5 5. c4 Nf6 6. Nc3 Be7 7. h3 Ne4 8. Ne5 O-O
9. O-O Nd7 10. f4 Ndf6 11. Nxe4 Nxe4 12. Bxe4 fxe4 13. g4 Bd6 14. b3 Bd7 15. a4
Qh4 16. Nxd7 Qg3+ 1/2-1/2

[Event "7. Festival Benidorm 2008 - Sub-2000"]
[Site "Benidorm ESP"]
[Date "2008.12.05"]
[Round "7.3"]
[White "Leroux, Mathieu"]
[Black "Hall, Rachid"]
[Result "1-0"]
[WhiteElo "1996"]
[BlackElo "1981"]
[PlyCount "109"]
[EventDate "2008.11.29"]
[EventRounds "9"]
[EventCountry "ESP"]
[Source "lmi"]
[SourceDate "2008.11.29"]

1. e4 e6 2. d4 d5 3. e5 c5 4. c3 Nc6 5. Nf3 a6 6. a3 Qb6 7. b4 cxd4 8. cxd4 Bd7
9. Bb2 Rc8 10. Nc3 Nh6 11. Rc1 Nf5 12. Na4 Qd8 13. Nc5 Bxc5 14. Rxc5 O-O 15.
Bd3 b6 16. Rc1 Nb8 17. Rxc8 Bxc8 18. O-O b5 19. Qc2 h6 20. Rc1 Nd7 21. a4 bxa4
22. Qxa4 Qb6 23. Rc6 Qb8 24. Qa5 Ne7 25. Rd6 Re8 26. g4 g6 27. Bf1 Kg7 28. h4
f5 29. g5 h5 30. b5 axb5 31. Bxb5 Qb7 32. Rxe6 Kf7 33. Rd6 Ng8 34. Qa4 Re6 35.
Ba3 Rxd6 36. Bxd6 Ke6 37. Qb4 Qa7 38. Bf8 Qc7 39. Qd6+ Qxd6 40. Bxd6 Bb7 41.
Ne1 Nb6 42. Be8 Nc4 43. Bc5 Ne7 44. Nd3 f4 45. Nxf4+ Kf5 46. Bxe7 Kxf4 47. Bxg6
Kg4 48. Bd3 Bc6 49. Be2+ Kh3 50. Bxh5 Nd2 51. Be2 Be8 52. h5 Bf7 53. g6 Nf3+
54. Bxf3 Bxg6 55. Bg2+ 1-0

[Event "7. Festival Benidorm 2008 - Sub-2000"]
[Site "Benidorm ESP"]
[Date "2008.12.05"]
[Round "7.4"]
[White "Garcia Clemente Julian Franci"]
[Black "Lopez Garcia, Francisco Andres"]
[Result "1-0"]
[WhiteElo "1963"]
[BlackElo "1995"]
[PlyCount "79"]
[EventDate "2008.11.29"]
[EventRounds "9"]
[EventCountry "ESP"]
[Source "lmi"]
[SourceDate "2008.11.29"]

1. d4 Nf6 2. c4 d6 3. Nc3 Nbd7 4. e4 e5 5. d5 Nc5 6. f3 a5 7. g3 Be7 8. Bg2 O-O
9. Nge2 Ne8 10. O-O f5 11. f4 fxe4 12. Nxe4 Nxe4 13. Bxe4 Bh3 14. Bg2 Bxg2 15.
Kxg2 Nf6 16. fxe5 dxe5 17. Nc3 Qd7 18. Qe2 Bd6 19. Bd2 c6 20. Na4 cxd5 21. Nb6
Qc6 22. Nxa8 d4+ 23. Kh3 Rxa8 24. c5 Qxc5 25. Rxf6 Qc8+ 26. Kg2 gxf6 27. Rc1
Qe6 28. Qb5 e4 29. Bh6 e3 30. Qxb7 Qe7 31. Qxa8+ Kf7 32. Qf3 Bb4 33. Qh5+ Ke6
34. Rc6+ Bd6 35. Qg4+ Kf7 36. Qg7+ Ke6 37. Qxe7+ Kxe7 38. Bf8+ Ke6 39. Rxd6+
Ke5 40. Kf3 1-0

[Event "7. Festival Benidorm 2008 - Sub-2000"]
[Site "Benidorm ESP"]
[Date "2008.12.05"]
[Round "7.5"]
[White "Marceau, Amaury"]
[Black "Arroyo Rodriguez, Jesus"]
[Result "1-0"]
[WhiteElo "1678"]
[BlackElo "1994"]
[PlyCount "77"]
[EventDate "2008.11.29"]
[EventRounds "9"]
[EventCountry "ESP"]
[Source "lmi"]
[SourceDate "2008.11.29"]

1. Nf3 c6 2. g3 d5 3. Bg2 Bf5 4. O-O Nd7 5. d3 Ngf6 6. Nbd2 e6 7. Qe1 Bc5 8. e4
dxe4 9. dxe4 Bg6 10. e5 Nd5 11. Ne4 Be7 12. c3 O-O 13. c4 Nb4 14. Qe2 Nc5 15.
Rd1 Qc7 16. Nxc5 Bxc5 17. a3 Nc2 18. Ra2 Rad8 19. b4 Nd4 20. Nxd4 Bxd4 21. Bf4
c5 22. Bg5 Rd7 23. Rad2 h6 24. Bf4 Rfd8 25. h4 cxb4 26. axb4 b6 27. h5 Bh7 28.
Be4 Bc3 29. Bxh7+ Kxh7 30. Rxd7 Rxd7 31. Rxd7 Qxd7 32. Qc2+ Kg8 33. Qxc3 Qd1+
34. Kg2 Qxh5 35. c5 bxc5 36. bxc5 Qd1 37. c6 Qd5+ 38. Kh2 f6 39. c7 1-0

[Event "7. Festival Benidorm 2008 - Sub-2000"]
[Site "Benidorm ESP"]
[Date "2008.12.05"]
[Round "7.11"]
[White "Perez Garcia, Jose Miguel"]
[Black "Ruiz Ureta, Ernesto"]
[Result "1-0"]
[WhiteElo "1952"]
[BlackElo "1993"]
[PlyCount "95"]
[EventDate "2008.11.29"]
[EventRounds "9"]
[EventCountry "ESP"]
[Source "lmi"]
[SourceDate "2008.11.29"]

1. d4 Nf6 2. Nf3 g6 3. c4 Bg7 4. Nc3 d6 5. e4 O-O 6. Be2 c5 7. O-O cxd4 8. Nxd4
Nc6 9. Be3 Bd7 10. Rc1 Nxd4 11. Bxd4 Bc6 12. Qd2 e5 13. Be3 Nxe4 14. Nxe4 Bxe4
15. Rfd1 f5 16. Qxd6 Qc8 17. f3 Bc6 18. b4 Rf6 19. Qd2 f4 20. Bf2 e4 21. Bh4 e3
22. Qd3 Rf5 23. Qc2 Qf8 24. c5 Rh5 25. Be1 a6 26. a4 Be5 27. b5 axb5 28. axb5
Be8 29. Qb3+ Kh8 30. c6 bxc6 31. bxc6 Rb8 32. Qc4 Bf7 33. Qa6 Rc8 34. Rd7 Be6
35. Bb4 Qg8 36. Re7 Bf6 37. Ra7 Bd4 38. c7 Rg5 39. Kh1 Rf5 40. Rb7 Be5 41. Rc5
Ra8 42. Ra7 Rxa7 43. Qxa7 Bd4 44. Rxf5 Bxa7 45. Bc3+ Qg7 46. Rf8+ Bg8 47. Bxg7+
Kxg7 48. Rxg8+ 1-0

[Event "7. Festival Benidorm 2008 - Sub-2000"]
[Site "Benidorm ESP"]
[Date "2008.12.05"]
[Round "7.15"]
[White "Fernandez Garcia, Ignacio"]
[Black "Marquez Ortiz De Zarate, Alberto"]
[Result "1-0"]
[WhiteElo "1969"]
[BlackElo "1755"]
[PlyCount "39"]
[EventDate "2008.11.29"]
[EventRounds "9"]
[EventCountry "ESP"]
[Source "lmi"]
[SourceDate "2008.11.29"]

1. e4 c5 2. Nc3 Nc6 3. Nce2 Nf6 4. Ng3 d5 5. f3 e6 6. d3 Be7 7. c3 O-O 8. Nh3
b5 9. Qe2 a5 10. f4 dxe4 11. dxe4 b4 12. Qf3 Qc7 13. Bd3 Bb7 14. Ng5 h6 15. h4
Rfd8 16. Bc2 Ba6 17. e5 Nxe5 18. fxe5 Qxe5+ 19. N5e4 Nxe4 20. Bf4 1-0

[Event "7. Festival Benidorm 2008 - Sub-2000"]
[Site "Benidorm ESP"]
[Date "2008.12.05"]
[Round "7.21"]
[White "Marco Francisco, Miriam"]
[Black "Monserrat Castells, Julio"]
[Result "1-0"]
[WhiteElo "1922"]
[BlackElo "1993"]
[PlyCount "61"]
[EventDate "2008.11.29"]
[EventRounds "9"]
[EventCountry "ESP"]
[Source "lmi"]
[SourceDate "2008.11.29"]

1. e4 e6 2. Qe2 d6 3. Nf3 Nf6 4. d4 d5 5. exd5 Nxd5 6. g3 Be7 7. Bg2 Nd7 8. O-O
O-O 9. Re1 c6 10. c4 N5f6 11. Nc3 b6 12. Ne5 Nxe5 13. dxe5 Nd7 14. Bxc6 Rb8 15.
Ba4 a6 16. Bc2 Qc7 17. Qe4 g6 18. Bh6 Rd8 19. h4 Bb7 20. Qe2 Rbc8 21. b3 b5 22.
Be4 Bxe4 23. Nxe4 Qxe5 24. Bf4 Qf5 25. Bd6 Ne5 26. Bxe7 Nf3+ 27. Kg2 Nxe1+ 28.
Qxe1 Rd4 29. Nd6 Rxd6 30. Bxd6 bxc4 31. bxc4 1-0

[Event "7. Festival Benidorm 2008 - Sub-2000"]
[Site "Benidorm ESP"]
[Date "2008.12.05"]
[Round "7.22"]
[White "Tung, Siu Hung"]
[Black "Simo Bordoy, Guillermo"]
[Result "1/2-1/2"]
[WhiteElo "1920"]
[BlackElo "1983"]
[PlyCount "73"]
[EventDate "2008.11.29"]
[EventRounds "9"]
[EventCountry "ESP"]
[Source "lmi"]
[SourceDate "2008.11.29"]

1. e4 c5 2. Nc3 Nc6 3. f4 d6 4. Nf3 g6 5. Bc4 Bg7 6. d3 e6 7. O-O Nge7 8. Qe1
O-O 9. a3 Nd4 10. Qf2 Nec6 11. Ne2 Nxc2 12. Rb1 N2d4 13. Nexd4 Nxd4 14. Kh1 b5
15. Ba2 Rb8 16. b4 Bd7 17. Be3 Nxf3 18. bxc5 Nd4 19. Bxd4 Bxd4 20. Qxd4 dxc5
21. Qxc5 Qb6 22. Qe5 Rbc8 23. Bb3 Rc5 24. Qf6 Rfc8 25. f5 Qd8 26. Qxd8+ Rxd8
27. d4 Rc3 28. fxe6 fxe6 29. d5 exd5 30. Bxd5+ Kg7 31. a4 a6 32. axb5 Bxb5 33.
Rf7+ Kh6 34. h3 Rdc8 35. Kh2 R8c7 36. Rxc7 Rxc7 37. Rb2 1/2-1/2

[Event "7. Festival Benidorm 2008 - Sub-2000"]
[Site "Benidorm ESP"]
[Date "2008.12.07"]
[Round "7.35"]
[White "Laurentiu, Burlacu"]
[Black "Rihouey, Frank"]
[Result "1-0"]
[WhiteElo "1980"]
[BlackElo "1890"]
[PlyCount "83"]
[EventDate "2008.11.29"]
[EventRounds "9"]
[EventCountry "ESP"]
[SourceDate "2008.12.13"]

1. e4 e6 2. d4 d5 3. e5 c5 4. c3 Nc6 5. Nf3 Qb6 6. Bd3 cxd4 7. cxd4 Bd7 8. Bc2
Nb4 9. O-O Nxc2 10. Qxc2 Rc8 11. Nc3 Ne7 12. a3 Nf5 13. Rd1 Be7 14. g4 Nh4 15.
Nxh4 Bxh4 16. Be3 f6 17. Qe2 O-O 18. f4 g5 19. Rd2 gxf4 20. Bxf4 Bg5 21. Bxg5
fxg5 22. Qe3 Rf4 23. h3 Bb5 24. b3 Rcf8 25. Rc1 h6 26. Nxb5 Qxb5 27. Qd3 Qe8
28. Rc7 R8f7 29. Qg6+ Kh8 30. Qxh6+ Kg8 31. Qxg5+ Kf8 32. Qh6+ Kg8 33. Qg6+ Kf8
34. Rxf7+ Rxf7 35. Rf2 a5 36. Qxf7+ Qxf7 37. Rxf7+ Kxf7 38. Kg2 b5 39. Kg3 Kg6
40. h4 Kh6 41. g5+ Kh5 42. Kh3 1-0

[Event "7. Festival Benidorm 2008 - Sub-2000"]
[Site "Benidorm ESP"]
[Date "2008.12.06"]
[Round "8.1"]
[White "Leroux, Mathieu"]
[Black "Garcia Domingo, Jose Antonio"]
[Result "1-0"]
[WhiteElo "1996"]
[BlackElo "1938"]
[PlyCount "117"]
[EventDate "2008.11.29"]
[EventRounds "9"]
[EventCountry "ESP"]
[Source "lmi"]
[SourceDate "2008.11.29"]

1. e4 e6 2. d4 d5 3. e5 c5 4. c3 Qb6 5. Nf3 Bd7 6. a3 Bb5 7. b4 cxd4 8. Bxb5+
Qxb5 9. cxd4 Nd7 10. Nc3 Qc4 11. Bd2 Nb6 12. Rc1 Qd3 13. Qe2 Qxe2+ 14. Kxe2 a6
15. Ra1 Ne7 16. a4 Nc6 17. b5 Nd8 18. Rhb1 a5 19. Ne1 f6 20. f4 fxe5 21. fxe5
Nf7 22. Nd3 Be7 23. Nd1 Nc4 24. Ne3 Nxd2 25. Kxd2 b6 26. Rc1 Kd7 27. Rc6 Rhb8
28. Nxd5 Bg5+ 29. Ke2 exd5 30. e6+ Ke8 31. exf7+ Kxf7 32. Ne5+ Kg8 33. Ra2 Re8
34. Kd3 Rab8 35. g3 Re7 36. Rac2 h5 37. Rg6 Bf6 38. Nc6 Rbe8 39. Nxe7+ Rxe7 40.
g4 Re4 41. Rxf6 gxf6 42. Rc6 Rxg4 43. Rxb6 Rf4 44. Ra6 Rf3+ 45. Ke2 Rh3 46.
Rxa5 Rxh2+ 47. Kf3 Rh3+ 48. Ke2 Rb3 49. Ra6 Kg7 50. b6 Kg6 51. a5 h4 52. Kf2
Kf5 53. Ra7 Kf4 54. Kg2 Rb5 55. Kh3 Rb1 56. Rf7 f5 57. b7 Rb3+ 58. Kxh4 Rb1 59.
Kh5 1-0

[Event "7. Festival Benidorm 2008 - Sub-2000"]
[Site "Benidorm ESP"]
[Date "2008.12.06"]
[Round "8.2"]
[White "Mataix Arbona, Cesar"]
[Black "Marceau, Amaury"]
[Result "1-0"]
[WhiteElo "1987"]
[BlackElo "1678"]
[PlyCount "59"]
[EventDate "2008.11.29"]
[EventRounds "9"]
[EventCountry "ESP"]
[Source "lmi"]
[SourceDate "2008.11.29"]

1. e4 d6 2. d4 Nf6 3. Nc3 g6 4. f3 Bg7 5. Be3 O-O 6. Qd2 Re8 7. O-O-O Nbd7 8.
e5 dxe5 9. dxe5 c6 10. exf6 Bxf6 11. Bd4 e5 12. Be3 Qc7 13. Ne4 Be7 14. g4 Nb6
15. Bg5 Be6 16. Nf6+ Bxf6 17. Bxf6 Nd5 18. g5 Nxf6 19. gxf6 Red8 20. Bd3 Qd6
21. Qh6 Qf8 22. Qxf8+ Kxf8 23. Ne2 Bd5 24. Rhf1 Rd6 25. c4 Be6 26. f4 Bg4 27.
Kc2 e4 28. Bxe4 Bxe2 29. Rxd6 Bxf1 30. Rd7 1-0

[Event "7. Festival Benidorm 2008 - Sub-2000"]
[Site "Benidorm ESP"]
[Date "2008.12.06"]
[Round "8.3"]
[White "Perera Borrego, Mariela"]
[Black "Beltran Garcia, Ruben"]
[Result "0-1"]
[WhiteElo "1856"]
[BlackElo "1984"]
[PlyCount "92"]
[EventDate "2008.11.29"]
[EventRounds "9"]
[EventCountry "ESP"]
[Source "lmi"]
[SourceDate "2008.11.29"]

1. d4 d5 2. Nf3 Nf6 3. c4 e6 4. Nc3 c6 5. Bg5 h6 6. Bh4 dxc4 7. e3 b5 8. Be2
Nbd7 9. O-O Bb7 10. Ne5 Be7 11. f4 Nxe5 12. fxe5 Nd5 13. Bxe7 Qxe7 14. Rf3 Nxc3
15. bxc3 O-O 16. Rg3 c5 17. Bh5 f5 18. Qd2 Rab8 19. Rf1 Be4 20. Bf3 Bxf3 21.
gxf3 b4 22. cxb4 cxb4 23. Kh1 c3 24. Qc2 Rf7 25. Rfg1 Qb7 26. Qb3 Qc6 27. Qc2
a5 28. e4 a4 29. d5 exd5 30. exf5 b3 31. axb3 axb3 32. Qg2 Rbb7 33. Rg6 Qc7 34.
Rxh6 Qxe5 35. Qh3 Rxf5 36. Rh8+ Kf7 37. Qh7 Rg5 38. Qg8+ Kf6 39. Qd8+ Re7 40.
Rf8+ Kg6 41. Rxg5+ Qxg5 42. Qb6+ Kh7 43. Qf2 c2 44. Rc8 c1=Q+ 45. Rxc1 Qxc1+
46. Kg2 Qc2 0-1

[Event "7. Festival Benidorm 2008 - Sub-2000"]
[Site "Benidorm ESP"]
[Date "2008.12.06"]
[Round "8.6"]
[White "Perez Gutierrez, Nauzet"]
[Black "Fernandez Garcia, Ignacio"]
[Result "0-1"]
[WhiteElo "1998"]
[BlackElo "1969"]
[PlyCount "50"]
[EventDate "2008.11.29"]
[EventRounds "9"]
[EventCountry "ESP"]
[Source "lmi"]
[SourceDate "2008.11.29"]

1. e4 e6 2. d4 d5 3. e5 c5 4. c3 Nc6 5. Nf3 f6 6. a3 fxe5 7. dxe5 Qc7 8. Bf4
Nge7 9. Bd3 g6 10. O-O Bg7 11. Re1 O-O 12. Bg3 Nf5 13. Bxf5 Rxf5 14. Nh4 Rf7
15. f4 Ne7 16. Nd2 Bd7 17. Rc1 Bh6 18. Qg4 Raf8 19. Rf1 Qb6 20. b3 Qa6 21. c4
Qxa3 22. cxd5 Nxd5 23. Ne4 Ne3 24. Qh3 Nxf1 25. Nxg6 Qxc1 0-1

[Event "7. Festival Benidorm 2008 - Sub-2000"]
[Site "Benidorm ESP"]
[Date "2008.12.06"]
[Round "8.10"]
[White "Iglesias Fernandez, Luis"]
[Black "Martinez Rubi, Alberto"]
[Result "0-1"]
[WhiteElo "1925"]
[BlackElo "1999"]
[PlyCount "108"]
[EventDate "2008.11.29"]
[EventRounds "9"]
[EventCountry "ESP"]
[Source "lmi"]
[SourceDate "2008.11.29"]

1. e4 e6 2. d3 d5 3. Nd2 Nf6 4. Ngf3 Nc6 5. g3 dxe4 6. dxe4 Bc5 7. Bg2 e5 8.
O-O Bg4 9. h3 Bh5 10. g4 Bg6 11. Nh4 Qd7 12. Nf5 O-O-O 13. c3 h5 14. Qf3 hxg4
15. hxg4 Bxf5 16. exf5 Qd3 17. Nb3 Qxf3 18. Bxf3 e4 19. Bg2 Bd6 20. f3 exf3 21.
Bxf3 Ne5 22. Bg5 Rh3 23. Bxf6 Rg3+ 24. Bg2 gxf6 25. Rad1 Rxg4 26. Nd4 Bc5 27.
Kf2 Bxd4+ 28. cxd4 Rdxd4 29. Rxd4 Rxd4 30. Ke3 Rg4 31. Bd5 c6 32. Bb3 Rg5 33.
Ke4 Rg4+ 34. Ke3 Kd7 35. Rh1 Rg8 36. Rh7 Ke7 37. Be6 Rg2 38. Bb3 Rxb2 39. Rh8
Rg2 40. Rb8 b5 41. Rb7+ Kf8 42. Rxa7 Rg3+ 43. Kf4 Rc3 44. Ra8+ Kg7 45. Ra7 b4
46. Ke4 c5 47. Be6 Rc1 48. a4 c4 49. Rb7 b3 50. Bd5 Ra1 51. Rb4 b2 52. Rxb2
Rxa4 53. Kd4 Ra7 54. Rg2+ Kh6 0-1

[Event "7. Festival Benidorm 2008 - Sub-2000"]
[Site "Benidorm ESP"]
[Date "2008.12.06"]
[Round "8.11"]
[White "Lopez Garcia, Francisco Andres"]
[Black "Marco Francisco, Miriam"]
[Result "0-1"]
[WhiteElo "1995"]
[BlackElo "1922"]
[PlyCount "96"]
[EventDate "2008.11.29"]
[EventRounds "9"]
[EventCountry "ESP"]
[Source "lmi"]
[SourceDate "2008.11.29"]

1. e4 e5 2. Nf3 Nf6 3. Nc3 Bb4 4. Bc4 O-O 5. O-O d6 6. d3 Bg4 7. Bg5 c6 8. h3
Bh5 9. g4 Bg6 10. Bb3 Bxc3 11. bxc3 h6 12. Be3 Nh7 13. Qd2 Qf6 14. Nh2 Qh4 15.
Kg2 Kh8 16. f4 exf4 17. Bxf4 Ng5 18. Bxg5 Qxg5 19. Rf4 Nd7 20. Raf1 Ne5 21. Nf3
Nxf3 22. R1xf3 Rae8 23. Qf2 d5 24. exd5 cxd5 25. h4 Qe5 26. h5 Bh7 27. Rxf7
Rxf7 28. Rxf7 Qe6 29. Qf3 Bg8 30. Bxd5 Qe1 31. Rf8 Re2+ 32. Kh3 Re3 33. Rxg8+
Kh7 34. Rf8 Qh1+ 35. Kg3 Qe1+ 36. Kf4 Rxf3+ 37. Bxf3 Qf2 38. Ke4 Qe1+ 39. Kd4
Qg1+ 40. Kc4 b5+ 41. Kd5 g5 42. Re8 Qb6 43. Be4+ Kg7 44. Re6 Qd8+ 45. Rd6 Qa8+
46. Ke5 Qe8+ 47. Re6 Qb8+ 48. Rd6 Kf7 0-1

[Event "7. Festival Benidorm 2008 - Sub-2000"]
[Site "Benidorm ESP"]
[Date "2008.12.06"]
[Round "8.13"]
[White "Amoros Moran, Jose Joaquin"]
[Black "Martin-Consuegra Barrilero, Fco. Javier"]
[Result "1-0"]
[WhiteElo "1988"]
[BlackElo "1893"]
[PlyCount "91"]
[EventDate "2008.11.29"]
[EventRounds "9"]
[EventCountry "ESP"]
[Source "lmi"]
[SourceDate "2008.11.29"]

1. e4 d5 2. exd5 Qxd5 3. Nc3 Qa5 4. d4 c6 5. Bc4 Nf6 6. Nf3 Bf5 7. Ne5 Nbd7 8.
Bxf7+ Kd8 9. Nxd7 Kxd7 10. Bb3 Ne4 11. Bd2 Nxd2 12. Qxd2 g6 13. O-O-O h5 14.
Kb1 Bh6 15. Qe2 Bg7 16. Rhe1 Bf6 17. Be6+ Kc7 18. Bxf5 gxf5 19. Rd3 Rad8 20.
Red1 Rd6 21. Qf3 h4 22. Ne2 Qd5 23. Qxd5 cxd5 24. a4 Kd7 25. Rb3 b6 26. a5 Rc8
27. Nc3 Rdc6 28. axb6 axb6 29. Nxd5 Rb8 30. Nxf6+ Rxf6 31. Rh3 Rh8 32. Kc1 Rg6
33. Rg1 Rhg8 34. g3 f4 35. Rxh4 fxg3 36. hxg3 Rf8 37. Rg2 Rf3 38. Kd2 Re6 39.
c3 Rf5 40. g4 Ra5 41. f4 Ra1 42. g5 Ree1 43. g6 Reb1 44. Ke3 Ra8 45. g7 Rg8 46.
Rh8 1-0

[Event "7. Festival Benidorm 2008 - Sub-2000"]
[Site "Benidorm ESP"]
[Date "2008.12.06"]
[Round "8.28"]
[White "Laurentiu, Burlacu"]
[Black "Styazhkina, Anna"]
[Result "1-0"]
[WhiteElo "1980"]
[BlackElo "1907"]
[PlyCount "79"]
[EventDate "2008.11.29"]
[EventRounds "9"]
[EventCountry "ESP"]
[SourceDate "2008.12.13"]

1. e4 c5 2. Nf3 g6 3. d4 cxd4 4. Nxd4 Bg7 5. Be3 Nf6 6. Nc3 Nc6 7. f3 O-O 8.
Qd2 d5 9. exd5 Nxd5 10. Nxc6 bxc6 11. Bd4 e5 12. Bc5 Re8 13. Ne4 Qc7 14. Bc4
Be6 15. h4 Nf4 16. Bxe6 Nxe6 17. Bd6 Qb6 18. O-O-O f5 19. Ng5 e4 20. c3 e3 21.
Qe2 Nxg5 22. hxg5 Qb5 23. Qxb5 cxb5 24. Rhe1 Re6 25. Bf4 Rae8 26. Rd6 R6e7 27.
Rd5 a6 28. Re2 Kf7 29. Kc2 Kg8 30. a3 Bf8 31. Rd3 Rc8 32. Rdxe3 Rxe3 33. Rxe3
Kf7 34. Kb3 Bg7 35. Bd6 Rd8 36. Re7+ Kg8 37. Bf4 Ra8 38. Rb7 Kh8 39. Kb4 Bf8+
40. Ka5 1-0

[Event "7. Festival Benidorm 2008 - Sub-2000"]
[Site "Benidorm ESP"]
[Date "2008.12.09"]
[Round "9.17"]
[White "Allabatre, Steeve"]
[Black "Laurentiu, Burlacu"]
[Result "0-1"]
[WhiteElo "1824"]
[BlackElo "1980"]
[PlyCount "44"]
[EventDate "2008.11.29"]
[EventRounds "9"]
[EventCountry "ESP"]
[SourceDate "2008.12.13"]

1. d4 e6 2. Nf3 Be7 3. e4 b6 4. c4 d5 5. Nc3 dxe4 6. Nxe4 Bb7 7. Nc3 Nf6 8. Be2
O-O 9. O-O Na6 10. Bf4 c5 11. d5 Nh5 12. Be5 f6 13. d6 fxe5 14. dxe7 Qxe7 15.
Nxe5 Nf4 16. Bf3 Rad8 17. Qc2 Nb4 18. Qc1 Bxf3 19. Nxf3 Rd3 20. Ne1 Rxc3 21.
Qd2 Rxc4 22. Nf3 Rc2 0-1